000 02791nam a22003253i 4500
001 BDZ0038569978
003 StDuBDS
005 20260203115350.0
007 cr||||||||||||
008 181206s2018 enk go 000|0|ita d
020 _a9781547550715
040 _aStDuBDS
_beng
_erda
_cStDuBDS
072 7 _aVSB
_2bicssc
072 7 _aADR
_2ukslc
072 7 _aVSB
_2thema
100 1 _aRuano, Tony
_eauthor.
245 1 0 _aBeni Immobili
_bmanuale pratico di acquisto, vendita e amministrazione
264 1 _aCalifornia,
_bBabelcube Inc.,
_c2018.
300 _a1 online resource
336 _atext
_2rdacontent
337 _aunmediated
_2rdamedia
338 _avolume
_2rdacarrier
366 _b20180923
_cIn stock
520 8 _aQuello che vi viene offerto in questo libro, e una selezione dei migliori articoli pubblicati, nel corso degli anni, nei giornali: "Diario Las America" e "El Nuevo Herald", entrambi di Miami, Florida, e "La Opinion", di Los Angeles, California. Sono stati trasmessi anche, in forma cibernetica, attraverso le pagine di Internet di "El Nuevo Herald", "La Opinion" e il portale di "Univision.com" Queste colonne furono scritte senza alcuna pretesa letteraria, in forma leggera e piacevole, con linguaggio semplice e comprensibile, come lo richiede la stampa; ma senza sacrificare il messaggio, il consiglio e l'insegnamento al lettore. I temi che contiene questa opera includono commenti riguardanti l'acquisto, la vendita e la locazione di propriet il finanziamento, le assicurazioni e imposte vincolate dei beni immobili. Versa, in oltre, sui temi come le associazioni di proprietari, gruppi abitativi, temi legali e tipici di varia indole, includendo una profonda e attenta analisi degli investimenti in propriet immobiliari. Senza pretendere di essere una guida universale, l'insegnamento di questo libro, basato sull'esperienza accumulata durante gli anni, nell'esercizio quotidiano della professione, fornisce una linea guida per allontanarsi da errori costosi e offre al pubblico lettore un valido strumento, per essere utilizzato, ogni giorno, nel settore immobiliare. Utile, tanto per acquisire nuove conoscenze, come per riaffermare quelle gi ottenute, questa pubblicazione orientata a servire tanto a chi comprano la loro prima casa, quanto all'investitore esperto. Per la diversit dei suoi argomenti pu anche essere utilizzata come manuale o libro di consulto per professionisti laureati di recente, cos come per chi ha gi sperimentato nella professione. Chiunque legga quest
546 _aItalian
650 7 _aREAL ESTATE
650 7 _aEBOOK
856 4 0 _uhttps://www.vlebooks.com/product/openreader?id=RICS&accId=9491556&isbn=9781547550715
_zAvailable via Vlebooks (email [email protected] if you do not have a login)
942 _2ddc
999 _c122243
_d122243